[Event "Campeonato Ind. Provincial Absoluto Cast"]
[Site "Club d'Escacs Vila-real, CALLE"]
[Date "2011.10.22"]
[Round "3"]
[White "Jordan Martinez, Miguel"]
[Black "Sanchiz Marti, Josep Miquel"]
[Result "1-0"]
[WhiteElo "2184"]
[BlackElo "1986"]
[PlyCount "149"]
[EventDate "2011.10.01"]
[EventRounds "7"]
[EventCountry "ESP"]

1. e4 c5 2. Nf3 d6 3. c3 Nf6 4. Bd3 g6 5. Bc2 Nc6 6. O-O Bg7 7. h3 O-O 8. d3 b5
9. Be3 Qc7 10. Nbd2 b4 11. d4 bxc3 12. bxc3 Ba6 13. Re1 cxd4 14. cxd4 Nb4 15.
Bb1 Rfc8 16. Qa4 Qb7 17. Qb3 Rab8 18. a3 Nd3 19. Qxb7 Rxb7 20. Bxd3 Bxd3 21.
Bf4 Nd7 22. Rac1 Rbc7 23. Rxc7 Rxc7 24. Re3 Ba6 25. Rb3 e5 26. Be3 Rc2 27. dxe5
Bxe5 28. Nxe5 dxe5 29. Bh6 f6 30. Be3 Kf7 31. Nb1 Rc7 32. Nc3 Bc4 33. Rb4 a5
34. Rb2 Ke6 35. f3 f5 36. Kf2 Rc6 37. Na4 Bd3 38. exf5+ gxf5 39. Bd2 Rc2 40.
Ke3 Rxb2 41. Nxb2 Bf1 42. Kf2 Bb5 43. Bxa5 Nc5 44. Ke3 Kd5 45. g3 h6 46. Bb4
Na6 47. Be7 Ke6 48. Bf8 h5 49. Nd1 Nc7 50. Nb2 Nd5+ 51. Kd2 e4 52. fxe4 fxe4
53. Bc5 Ke5 54. a4 Ba6 55. a5 Kf5 56. Be3 Nb4 57. Nd1 Nc6 58. Bb6 Ne5 59. Ne3+
Ke6 60. Kc3 Nc6 61. Ng2 Kf5 62. Bc7 Na7 63. Bf4 Nc6 64. Bc7 Na7 65. Bb6 Nc6 66.
Ne3+ Ke5 67. Bc7+ Ke6 68. Ng2 Kf5 69. Nf4 h4 70. g4+ Kf6 71. Kd2 Bb7 72. Ke3
Kg5 73. Ne6+ Kf6 74. Nc5 Nb4 75. Bd8+ 1-0

[Event "Campeonato Ind. Provincial Absoluto Cast"]
[Site "Club d'Escacs Vila-real, CALLE"]
[Date "2011.10.22"]
[Round "3"]
[White "Perez Martinez, Alejandro"]
[Black "Lopez Benlloch, Vicente"]
[Result "1-0"]
[WhiteElo "1965"]
[BlackElo "1599"]
[PlyCount "45"]
[EventDate "2011.10.01"]
[EventRounds "7"]
[EventCountry "ESP"]

1. e4 e5 2. Bc4 Nf6 3. Nc3 Nc6 4. Nf3 Be7 5. d3 O-O 6. O-O d6 7. h3 Na5 8. Bb3
c6 9. Be3 Nxb3 10. axb3 b6 11. Re1 h6 12. Qd2 Nh7 13. Ne2 f5 14. exf5 Bxf5 15.
Ng3 Bxh3 16. Nxe5 dxe5 17. gxh3 Bg5 18. Ne4 Rf5 19. Qc3 Bxe3 20. Rxe3 Qh4 21.
Ng3 Rf6 22. Qc4+ Kh8 23. Qxh4 1-0

[Event "Campeonato Ind. Provincial Absoluto Cast"]
[Site "Club d'Escacs Vila-real, CALLE"]
[Date "2011.10.22"]
[Round "3"]
[White "Ballester Clausell, David"]
[Black "Gimeno Simo, Sergio"]
[Result "1-0"]
[WhiteElo "1883"]
[BlackElo "1559"]
[PlyCount "63"]
[EventDate "2011.10.01"]
[EventRounds "7"]
[EventCountry "ESP"]

1. e4 e5 2. Nf3 Nc6 3. Bb5 Bc5 4. O-O d6 5. d4 exd4 6. Nxd4 Nge7 7. Be3 O-O 8.
Nxc6 bxc6 9. Bxc5 cxb5 10. Bd4 Nc6 11. Be3 Qf6 12. c3 Bb7 13. Qd2 Ne5 14. Bd4
Bxe4 15. f4 Nc4 16. Bxf6 Nxd2 17. Nxd2 Rfe8 18. Nxe4 Rxe4 19. Bh4 Rae8 20. Rae1
f6 21. Bg3 Kf7 22. Rxe4 Rxe4 23. Re1 f5 24. Rxe4 fxe4 25. Kf2 d5 26. Ke3 Ke6
27. Kd4 c6 28. Kc5 Kd7 29. Bf2 a5 30. b3 b4 31. cxb4 axb4 32. Kxb4 1-0

[Event "Campeonato Ind. Provincial Absoluto Cast"]
[Site "Club d'Escacs Vila-real, CALLE"]
[Date "2011.10.22"]
[Round "3"]
[White "Arroyo Cabrera, Andres"]
[Black "Castillo Anton, Emilio"]
[Result "1-0"]
[WhiteElo "1697"]
[BlackElo "1827"]
[PlyCount "65"]
[EventDate "2011.10.01"]
[EventRounds "7"]
[EventCountry "ESP"]

1. e4 d5 2. exd5 Qxd5 3. Nc3 Qd8 4. d4 Nf6 5. h3 c6 6. Nf3 Bf5 7. Bd3 Bxd3 8.
Qxd3 e6 9. O-O Be7 10. Be3 Nbd7 11. Na4 Qa5 12. Qb3 O-O 13. c4 b5 14. Nc5 Nxc5
15. dxc5 Rab8 16. Ne5 Rfc8 17. Rfd1 b4 18. Bf4 Rb7 19. Qf3 Qxc5 20. b3 Qb6 21.
Bg5 Rcc7 22. Bf4 h6 23. Rd3 Rc8 24. Rad1 c5 25. g4 g5 26. Bg3 a5 27. Nd7 Nxd7
28. Rxd7 Rxd7 29. Rxd7 Re8 30. Be5 Kf8 31. Qe4 Kg8 32. Qf3 Qa6 33. Rxe7 1-0

[Event "Campeonato Ind. Provincial Absoluto Cast"]
[Site "Club d'Escacs Vila-real, CALLE"]
[Date "2011.10.22"]
[Round "3"]
[White "Mezquita Salla, Kevin"]
[Black "Viciano Barrachina, Aitor"]
[Result "1-0"]
[WhiteElo "1684"]
[BlackElo "1792"]
[PlyCount "61"]
[EventDate "2011.10.01"]
[EventRounds "7"]
[EventCountry "ESP"]

1. d4 f5 2. g3 g6 3. Bg2 Nf6 4. Nf3 Bg7 5. b4 O-O 6. Bb2 Nc6 7. b5 Na5 8. Nbd2
c6 9. a4 Ne4 10. c4 d6 11. Qc2 Be6 12. O-O d5 13. c5 Bh6 14. e3 f4 15. exf4 Bf5
16. Nxe4 Bxe4 17. Qe2 Qd7 18. Ne5 Qf5 19. Bxe4 dxe4 20. Rfe1 Qh3 21. Qxe4 Rxf4
22. gxf4 Rf8 23. Qf3 Qh4 24. Qg3 Qf6 25. Ng4 Qg7 26. Nxh6+ Qxh6 27. Rxe7 Rxf4
28. Bc1 Qh4 29. Re8+ Kf7 30. Qxf4+ Qxf4 31. Bxf4 1-0

[Event "Campeonato Ind. Provincial Absoluto Cast"]
[Site "Club d'Escacs Vila-real, CALLE"]
[Date "2011.10.22"]
[Round "3"]
[White "Core Lopez, Virginia"]
[Black "Arambul Ripolles, Javier"]
[Result "1/2-1/2"]
[WhiteElo "1451"]
[BlackElo "1707"]
[PlyCount "119"]
[EventDate "2011.10.01"]
[EventRounds "7"]
[EventCountry "ESP"]

1. d4 Nf6 2. c4 g6 3. Nc3 Bg7 4. e4 d6 5. Nf3 O-O 6. Be2 e5 7. O-O Nc6 8. d5
Ne7 9. b4 Ne8 10. Be3 f5 11. Ng5 f4 12. Bd2 Nxd5 13. Nxd5 Qxg5 14. f3 Rf7 15.
Qc2 Be6 16. c5 c6 17. Nc3 d5 18. a4 h5 19. exd5 cxd5 20. Bd3 Kh7 21. Rac1 Rd8
22. Qb1 Bf5 23. Qc2 h4 24. Rfe1 Nc7 25. Nb1 Ne6 26. Bc3 d4 27. Bd2 Kh6 28. Na3
Nc7 29. Nc4 Nd5 30. Nxe5 Bxe5 31. Rxe5 Ne3 32. Bxe3 dxe3 33. Bxf5 gxf5 34. Rd1
Rxd1+ 35. Qxd1 Rf6 36. Qd8 Kh5 37. Qh8+ Qh6 38. Qe8+ Kg5 39. Qg8+ Qg6 40. Qh8
Rf7 41. Qd8+ Qf6 42. Qg8+ Rg7 43. Qe8 Rf7 44. Qg8+ Qg7 45. Qd8+ Kh5 46. Qd4 Qg5
47. Re8 Qf6 48. Rh8+ Kg6 49. Rg8+ Rg7 50. Rxg7+ Qxg7 51. Qd6+ Qf6 52. Qd1 Kh5
53. h3 Kg5 54. Qd5 Qa1+ 55. Kh2 Qf6 56. Qg8+ Kh6 57. Qe8 Kg7 58. Qd7+ Qf7 59.
Qd4+ Kh7 60. Qxf4 1/2-1/2

[Event "Campeonato Ind. Provincial Absoluto Cast"]
[Site "Club d'Escacs Vila-real, CALLE"]
[Date "2011.10.22"]
[Round "3"]
[White "Toledo Lopez, Jose Antonio"]
[Black "Torres Espinosa, Raul"]
[Result "1-0"]
[WhiteElo "1631"]
[BlackElo "1844"]
[PlyCount "65"]
[EventDate "2011.10.01"]
[EventRounds "7"]
[EventCountry "ESP"]

1. d4 Nf6 2. c4 g6 3. Nc3 Bg7 4. e4 d6 5. Nf3 O-O 6. Be2 e5 7. O-O exd4 8. Nxd4
Re8 9. f3 Nh5 10. Qd3 c6 11. Be3 Na6 12. Qd2 Qe7 13. Nc2 Be5 14. Qe1 f5 15. Bd3
f4 16. Bd4 Qg5 17. Bxe5 dxe5 18. Qf2 Ng3 19. Rfd1 Nh5 20. c5 Qe7 21. Bxa6 bxa6
22. Rd6 Bb7 23. Rad1 Red8 24. Qd2 Rxd6 25. cxd6 Qd7 26. Na4 Qe6 27. Nc5 Qxa2
28. d7 Rd8 29. Nxb7 Qxb2 30. Nxd8 Qb6+ 31. Qf2 Qxd8 32. Qxa7 Nf6 33. Qb7 1-0

[Event "Campeonato Ind. Provincial Absoluto Cast"]
[Site "Club d'Escacs Vila-real, CALLE"]
[Date "2011.10.22"]
[Round "3"]
[White "Moran Garcia, Aida"]
[Black "Moran Garcia, Nerea"]
[Result "1/2-1/2"]
[WhiteElo "1600"]
[BlackElo "1636"]
[PlyCount "60"]
[EventDate "2011.10.01"]
[EventRounds "7"]
[EventCountry "ESP"]

1. e4 c5 2. Nf3 d6 3. d4 cxd4 4. Nxd4 Nf6 5. Nc3 a6 6. Be3 e5 7. Nb3 Be6 8. f3
Nbd7 9. Qd2 b5 10. O-O-O Be7 11. g4 O-O 12. g5 b4 13. Ne2 Ne8 14. f4 a5 15. f5
a4 16. Nbd4 exd4 17. Nxd4 b3 18. Kb1 bxc2+ 19. Nxc2 Bb3 20. axb3 axb3 21. Na3
Ne5 22. h4 Ra4 23. Rh3 Rxe4 24. Qg2 Rg4 25. Qb7 Qc7 26. Qxc7 Nxc7 27. Bb6 Ne8
28. Be3 Nc7 29. Bb6 Ne8 30. Be3 Nc7 1/2-1/2

[Event "Campeonato Ind. Provincial Absoluto Cast"]
[Site "Club d'Escacs Vila-real, CALLE"]
[Date "2011.11.05"]
[Round "4"]
[White "Remolar Gallen, Jose"]
[Black "Mingarro Carceller, Sergi"]
[Result "1-0"]
[WhiteElo "2086"]
[BlackElo "2093"]
[PlyCount "59"]
[EventDate "2011.10.01"]
[EventRounds "7"]
[EventCountry "ESP"]

1. e4 e6 2. b3 d5 3. Bb2 dxe4 4. Nc3 Nf6 5. Qe2 Be7 6. g4 Nc6 7. Nxe4 Nxe4 8.
Qxe4 Bf6 9. O-O-O Bxb2+ 10. Kxb2 Qf6+ 11. d4 Bd7 12. Nf3 Ne7 13. Ne5 Bc6 14.
Nxc6 Nxc6 15. Ba6 Rd8 16. Bxb7 Ne7 17. Qf3 Qxf3 18. Bxf3 O-O 19. Rhe1 g5 20.
Re5 h6 21. Ra5 Nc8 22. Bb7 f5 23. Bxc8 Rxc8 24. f3 fxg4 25. fxg4 Rf2 26. h3 Ra8
27. Rd3 Kf8 28. Ra6 Re2 29. Rc3 Re4 30. Rxc7 1-0

[Event "Campeonato Ind. Provincial Absoluto Cast"]
[Site "Club d'Escacs Vila-real, CALLE"]
[Date "2011.11.05"]
[Round "4"]
[White "Jordan Martinez, David"]
[Black "Jordan Martinez, Miguel"]
[Result "1/2-1/2"]
[WhiteElo "2175"]
[BlackElo "2184"]
[PlyCount "143"]
[EventDate "2011.10.01"]
[EventRounds "7"]
[EventCountry "ESP"]

1. e4 e6 2. d4 d5 3. Nc3 Bb4 4. e5 c5 5. a3 Bxc3+ 6. bxc3 Ne7 7. Nf3 Qc7 8. Bd3
c4 9. Be2 b5 10. O-O a5 11. Bg5 Nbc6 12. Ne1 h6 13. Bxe7 Nxe7 14. g3 Bd7 15.
Ng2 O-O-O 16. Qd2 Rdf8 17. f4 g6 18. Ne3 h5 19. Bf3 Rfg8 20. Rab1 Bc6 21. Bg2
Nf5 22. Bh3 Qe7 23. Ra1 Kc7 24. Kh1 Rb8 25. Bxf5 gxf5 26. Ng2 Rbg8 27. Nh4 Rg4
28. Rg1 Rg7 29. Qf2 Rg4 30. Nf3 Kd7 31. h3 Rg6 32. Kh2 Rb8 33. Ng5 Ke8 34. Nh7
Rh6 35. Nf6+ Rxf6 36. exf6 Qxf6 37. Qe2 b4 38. axb4 axb4 39. Rgb1 Rb7 40. Qe5
Qxe5 41. fxe5 bxc3 42. Rxb7 Bxb7 43. Ra7 Bc6 44. Kg2 Kf8 45. Kf3 Kg7 46. Kf4
Kg6 47. Ra3 Bb5 48. Ra8 Bc6 49. Ra3 Bb5 50. Rxc3 Ba4 51. h4 f6 52. Ke3 Kf7 53.
Kd2 fxe5 54. dxe5 Bc6 55. Ke3 Ba4 56. Kd4 Kg6 57. Ke3 Kf7 58. Kd2 Bc6 59. Ke3
Ba4 60. Kd4 Kg6 61. Kc5 f4 62. Kd6 fxg3 63. Rxg3+ Kf5 64. c3 Bd1 65. Rg5+ Ke4
66. Kxe6 d4 67. cxd4 c3 68. Rg2 c2 69. Rxc2 Bxc2 70. Kf6 Kxd4 71. Kg5 Kxe5 72.
Kxh5 1/2-1/2

[Event "Campeonato Ind. Provincial Absoluto Cast"]
[Site "Club d'Escacs Vila-real, CALLE"]
[Date "2011.11.05"]
[Round "4"]
[White "Romero Calduch, Sergio"]
[Black "Sos Andreu, Erik"]
[Result "1-0"]
[WhiteElo "1889"]
[BlackElo "2070"]
[PlyCount "161"]
[EventDate "2011.10.01"]
[EventRounds "7"]
[EventCountry "ESP"]

1. d4 Nf6 2. c4 g6 3. Nc3 d5 4. g3 Bg7 5. Bg2 c6 6. Nf3 O-O 7. O-O dxc4 8. e3
Nbd7 9. Qe2 Nb6 10. Rd1 Be6 11. a4 a5 12. Ng5 Bg4 13. f3 Bd7 14. Nge4 Nfd5 15.
Nc5 Qc8 16. e4 Nb4 17. Be3 Be8 18. Na2 Nd3 19. Qc2 e5 20. dxe5 Nxe5 21. Bd4 Qc7
22. f4 Ng4 23. e5 Rd8 24. Qe2 Nh6 25. Bf2 Nd5 26. Qxc4 Ng4 27. Bd4 Nge3 28. Qb3
Nxd1 29. Rxd1 Ne7 30. Qxb7 Qxb7 31. Nxb7 Rb8 32. Nxa5 Nd5 33. Rc1 Bd7 34. Nxc6
Bxc6 35. Rxc6 Ne7 36. Rc2 Rfd8 37. Bc5 Nf5 38. b4 Bf8 39. Bxf8 Kxf8 40. Kf2 Rd3
41. Nc1 Rd4 42. a5 Rdxb4 43. a6 Ra4 44. Bb7 Nd4 45. Ra2 Rxa2+ 46. Nxa2 Nb5 47.
Nb4 Na7 48. Nc6 Rxb7 49. axb7 Nxc6 50. Ke3 Ke7 51. Ke4 Kd7 52. f5 Kc7 53. fxg6
fxg6 54. Kf4 h6 55. h4 Ne7 56. e6 Kxb7 57. Ke5 Kc6 58. Kf6 Kd6 59. g4 h5 60. g5
Nf5 61. Kxg6 Nxh4+ 62. Kf6 Ng6 63. Kxg6 h4 64. Kf7 h3 65. e7 h2 66. e8=Q h1=Q
67. Qe6+ Kc7 68. g6 Qh5 69. Kg7 Kd8 70. Kg8 Qh6 71. Qf5 Ke8 72. Qf7+ Kd8 73. g7
Qg5 74. Qe6 Qh5 75. Kf8 Qf3+ 76. Kg8 Qh5 77. Qd6+ Kc8 78. Kf8 Qf5+ 79. Ke7 Qh7
80. Qe6+ Kc7 81. Kf8 1-0

[Event "Campeonato Ind. Provincial Absoluto Cast"]
[Site "Club d'Escacs Vila-real, CALLE"]
[Date "2011.11.05"]
[Round "4"]
[White "Aymerich Rosell, Pablo"]
[Black "Ballester Clausell, David"]
[Result "1-0"]
[WhiteElo "2063"]
[BlackElo "1883"]
[PlyCount "61"]
[EventDate "2011.10.01"]
[EventRounds "7"]
[EventCountry "ESP"]

1. d4 Nf6 2. c4 g6 3. Nc3 Bg7 4. e4 d6 5. h3 O-O 6. Bg5 e5 7. dxe5 dxe5 8. Qxd8
Rxd8 9. Nd5 Nbd7 10. Nxc7 Rb8 11. f3 h6 12. Be3 b6 13. O-O-O Bb7 14. Kb1 Rbc8
15. Nb5 Ra8 16. Ne2 Bf8 17. Nec3 a6 18. Nc7 Rac8 19. N7d5 Nxd5 20. Nxd5 Bc5 21.
Bxh6 Kh7 22. Bg5 Re8 23. h4 Bxd5 24. exd5 f6 25. Bc1 Kg7 26. Bd3 Rh8 27. g4 a5
28. h5 g5 29. h6+ Rxh6 30. Rxh6 Kxh6 31. Rh1+ 1-0

[Event "Campeonato Ind. Provincial Absoluto Cast"]
[Site "Club d'Escacs Vila-real, CALLE"]
[Date "2011.11.05"]
[Round "4"]
[White "Sanchiz Marti, Josep Miquel"]
[Black "Mezquita Salla, Kevin"]
[Result "1/2-1/2"]
[WhiteElo "1986"]
[BlackElo "1684"]
[PlyCount "118"]
[EventDate "2011.10.01"]
[EventRounds "7"]
[EventCountry "ESP"]

1. d4 Nf6 2. c4 e6 3. Nc3 Bb4 4. f3 d5 5. a3 Bxc3+ 6. bxc3 c5 7. e3 Nc6 8. cxd5
Nxd5 9. Bd2 O-O 10. Bd3 e5 11. c4 Nf6 12. d5 Ne7 13. Qc2 b5 14. e4 bxc4 15.
Bxc4 Rb8 16. Ne2 Bd7 17. O-O Nc8 18. Rab1 Nd6 19. Rxb8 Qxb8 20. Rb1 Qc7 21. Ba6
c4 22. Qc3 Re8 23. Be3 Ba4 24. Qb4 Bc2 25. Rb2 Bb3 26. Bc5 Rd8 27. Bxd6 Rxd6
28. Bxc4 Rb6 29. Rxb3 Rxb4 30. Rxb4 h6 31. Kf1 Qa5 32. Rb3 Nd7 33. Rc3 Nb6 34.
Bd3 f5 35. Bc2 fxe4 36. fxe4 Qb5 37. Bb3 Kf8 38. Kf2 a5 39. d6 Ke8 40. Be6 Qa4
41. Kf3 g5 42. Rc8+ Nxc8 43. d7+ Qxd7 44. Bxd7+ Kxd7 45. Kg4 Nd6 46. Nc3 Kc6
47. Kh5 Kc5 48. Kxh6 Kc4 49. Kxg5 Kxc3 50. h4 Nxe4+ 51. Kf5 Ng3+ 52. Kxe5 Kb3
53. Kf4 Nh5+ 54. Kg4 Ng7 55. h5 Nxh5 56. Kxh5 Kxa3 57. g4 Kb2 58. g5 a4 59. g6
a3 1/2-1/2

[Event "Campeonato Ind. Provincial Absoluto Cast"]
[Site "Club d'Escacs Vila-real, CALLE"]
[Date "2011.11.05"]
[Round "4"]
[White "Ventura Monfort, Javier"]
[Black "Arroyo Cabrera, Andres"]
[Result "1-0"]
[WhiteElo "1708"]
[BlackElo "1697"]
[PlyCount "59"]
[EventDate "2011.10.01"]
[EventRounds "7"]
[EventCountry "ESP"]

1. d4 e6 2. c4 f5 3. g3 Nf6 4. Bg5 Be7 5. Nc3 d5 6. Bg2 c6 7. Qd3 O-O 8. Nf3
Ne4 9. Bf4 Bd6 10. Ne5 Nxc3 11. Qxc3 g5 12. Bd2 Nd7 13. O-O-O Nxe5 14. dxe5 Be7
15. Kb1 a5 16. Qc1 Bd7 17. f4 g4 18. h3 h5 19. hxg4 hxg4 20. Rh6 Qb6 21. Rdh1
Kf7 22. Rh7+ Ke8 23. R1h6 d4 24. Qh1 Kd8 25. Rxe7 Kxe7 26. Qh4+ Ke8 27. Rh7 Rf7
28. Qh5 Kd8 29. Qxf7 Be8 30. Rh8 1-0

[Event "Campeonato Ind. Provincial Absoluto Cast"]
[Site "Club d'Escacs Vila-real, CALLE"]
[Date "2011.11.05"]
[Round "4"]
[White "Gimeno Simo, Sergio"]
[Black "Rivera Lirio, Francisco"]
[Result "1-0"]
[WhiteElo "1559"]
[BlackElo "1605"]
[PlyCount "53"]
[EventDate "2011.10.01"]
[EventRounds "7"]
[EventCountry "ESP"]

1. e4 c5 2. Nc3 Nc6 3. d3 g6 4. f4 e6 5. Nf3 Bg7 6. g3 Nge7 7. Bg2 d5 8. e5 Bd7
9. Nb5 Qa5+ 10. Nc3 d4 11. Bd2 dxc3 12. Bxc3 Qb6 13. Nd2 O-O 14. Nc4 Qc7 15.
O-O Nf5 16. Bd2 b5 17. Ne3 Rac8 18. Ng4 c4 19. Rc1 Qb6+ 20. Kh1 Kh8 21. Nf6 Rc7
22. g4 Ne3 23. Bxe3 Qxe3 24. Nxd7 Rxd7 25. Bxc6 Rd4 26. Rf3 Qxc1 27. Qxc1 1-0

[Event "Campeonato Ind. Provincial Absoluto Cast"]
[Site "Club d'Escacs Vila-real, CALLE"]
[Date "2011.11.05"]
[Round "4"]
[White "Calestru, Ilie"]
[Black "Moran Garcia, Aida"]
[Result "0-1"]
[WhiteElo "1658"]
[BlackElo "1600"]
[PlyCount "66"]
[EventDate "2011.10.01"]
[EventRounds "7"]
[EventCountry "ESP"]

1. e4 e5 2. Nf3 Nc6 3. d4 exd4 4. Nxd4 Nxd4 5. Qxd4 d6 6. Bc4 Nf6 7. Nc3 c5 8.
Qd1 Be7 9. h3 a6 10. a4 Bd7 11. Qe2 O-O 12. Bf4 b5 13. Bd5 Rb8 14. b3 Nxd5 15.
Nxd5 Re8 16. f3 Bc6 17. O-O Bxd5 18. exd5 Bf6 19. Qxe8+ Qxe8 20. Rae1 Qd7 21.
Re4 Re8 22. Rfe1 Rxe4 23. Rxe4 h6 24. g4 Bd4+ 25. Kg2 Qb7 26. g5 hxg5 27. Bxg5
Qxd5 28. axb5 Qxg5+ 29. Rg4 Qd2+ 30. Kh1 Qd1+ 31. Kh2 axb5 32. h4 Be5+ 33. f4
Qxg4 0-1

[Event "Campeonato Ind. Provincial Absoluto Cast"]
[Site "Club d'Escacs Vila-real, CALLE"]
[Date "2011.11.12"]
[Round "5"]
[White "Romero Calduch, Sergio"]
[Black "Remolar Gallen, Jose"]
[Result "1/2-1/2"]
[WhiteElo "1889"]
[BlackElo "2086"]
[PlyCount "149"]
[EventDate "2011.10.01"]
[EventRounds "7"]
[EventCountry "ESP"]

1. d4 Nf6 2. c4 e5 3. dxe5 Ng4 4. Bf4 Nc6 5. Nf3 Bb4+ 6. Nbd2 Qe7 7. a3 Ngxe5
8. Nxe5 Nxe5 9. e3 Bxd2+ 10. Qxd2 d6 11. Qc3 f6 12. Rd1 a5 13. Be2 Bd7 14. O-O
a4 15. Rd5 Bc6 16. Ra5 O-O 17. c5 d5 18. Rd1 Rxa5 19. Qxa5 Rc8 20. h3 Qe8 21.
Qc3 Qe7 22. Qd4 Re8 23. Qc3 Qf7 24. Rd4 Ng6 25. Bg3 Nf8 26. Bf3 Ne6 27. Bxd5
Bxd5 28. Rxd5 Qe7 29. Qc4 Ra8 30. c6 bxc6 31. Qxc6 Qe8 32. Qc4 Kh8 33. Qd3 Rb8
34. Qd2 h6 35. Qc2 Qf7 36. Ra5 Qd7 37. Rxa4 Qd5 38. Rc4 Rxb2 39. Qxb2 Qxc4 40.
Kh2 c5 41. Qb6 Qe4 42. a4 c4 43. Qb8+ Kh7 44. Qc8 c3 45. a5 c2 46. a6 Qa4 47.
a7 Qxa7 48. Qxc2+ g6 49. Qc6 Qe7 50. e4 Ng5 51. f3 Kg7 52. Bd6 Qa7 53. e5 fxe5
54. Bxe5+ Kf8 55. Bf4 Qd4 56. Bxg5 hxg5 57. Qc8+ Kg7 58. Qg4 Qf4+ 59. Qxf4 gxf4
60. h4 Kh6 61. Kh3 Kh5 62. g4+ fxg3 63. Kxg3 g5 64. Kh3 gxh4 65. f4 Kg6 66.
Kxh4 Kf5 67. Kg3 Kf6 68. Kg4 Kg6 69. f5+ Kf6 70. Kf4 Ke7 71. Ke5 Kf7 72. f6 Kf8
73. Ke6 Ke8 74. f7+ Kf8 75. Kf6 1/2-1/2

[Event "Campeonato Ind. Provincial Absoluto Cast"]
[Site "Club d'Escacs Vila-real, CALLE"]
[Date "2011.11.12"]
[Round "5"]
[White "Jordan Martinez, Miguel"]
[Black "Aymerich Rosell, Pablo"]
[Result "0-1"]
[WhiteElo "2184"]
[BlackElo "2063"]
[PlyCount "114"]
[EventDate "2011.10.01"]
[EventRounds "7"]
[EventCountry "ESP"]

1. e4 c6 2. d4 d5 3. e5 c5 4. Nf3 Bg4 5. c4 cxd4 6. cxd5 Qxd5 7. Nc3 Bxf3 8.
Nxd5 Bxd1 9. Nc7+ Kd7 10. Nxa8 Bc2 11. e6+ Kxe6 12. Nc7+ Kd7 13. Nb5 Nc6 14.
Na3 Bg6 15. Bb5 e5 16. Bd2 Bd6 17. Rc1 Nge7 18. O-O a6 19. Be2 b5 20. Rfd1 Nb4
21. Bxb4 Bxb4 22. Nc2 Bd6 23. Na1 Nd5 24. Nb3 Nf4 25. Bf1 Ne6 26. a4 bxa4 27.
Nd2 Nc5 28. Nc4 f6 29. Nb6+ Ke7 30. Nd5+ Ke6 31. Nc7+ Bxc7 32. Rxc5 Bd6 33. Rc6
a5 34. Bc4+ Ke7 35. Ra6 Rc8 36. Ra7+ Kf8 37. Bb5 Bc2 38. Ra1 Bb4 39. Rd7 Rc5
40. Bf1 Bf5 41. Rb7 d3 42. Rd1 d2 43. Rxb4 axb4 44. Rxd2 b3 45. f3 Rc2 46. Rd8+
Ke7 47. Ra8 Bd7 48. Ra7 Kd6 49. Ra6+ Kc5 50. Ra5+ Kd4 51. Ra7 Bc6 52. Ra6 Ke3
53. Rb6 Kd2 54. Kf2 Kc1+ 55. Ke3 Kxb2 56. Bd3 Rc3 57. Kd2 a3 0-1

[Event "Campeonato Ind. Provincial Absoluto Cast"]
[Site "Club d'Escacs Vila-real, CALLE"]
[Date "2011.11.12"]
[Round "5"]
[White "Mingarro Carceller, Sergi"]
[Black "Jordan Martinez, David"]
[Result "1/2-1/2"]
[WhiteElo "2093"]
[BlackElo "2175"]
[PlyCount "65"]
[EventDate "2011.10.01"]
[EventRounds "7"]
[EventCountry "ESP"]

1. e4 c5 2. Nf3 e6 3. d4 cxd4 4. Nxd4 Nf6 5. Nc3 Nc6 6. Ndb5 d6 7. Bf4 e5 8.
Bg5 a6 9. Na3 Be6 10. Nc4 Rc8 11. Nd5 Bxd5 12. Bxf6 Qxf6 13. Qxd5 Be7 14. c3
O-O 15. Be2 Qg6 16. O-O Rfd8 17. Rfd1 Qe6 18. Nb6 Rc7 19. Qd3 Bf8 20. Nd5 Rcc8
21. h3 Rb8 22. Bg4 Qe8 23. Qg3 Kh8 24. Nb6 Ne7 25. Qe3 Qc6 26. a4 g6 27. a5 Bg7
28. Bf3 Bf8 29. Rd3 Nc8 30. Nd5 Ne7 31. Nb6 Nc8 32. Nd5 Ne7 33. Nb6 1/2-1/2

[Event "Campeonato Ind. Provincial Absoluto Cast"]
[Site "Club d'Escacs Vila-real, CALLE"]
[Date "2011.11.12"]
[Round "5"]
[White "Ventura Monfort, Santiago"]
[Black "Sanchiz Marti, Josep Miquel"]
[Result "0-1"]
[WhiteElo "2016"]
[BlackElo "1986"]
[PlyCount "66"]
[EventDate "2011.10.01"]
[EventRounds "7"]
[EventCountry "ESP"]

1. e4 c5 2. Nf3 d6 3. d4 cxd4 4. Nxd4 Nf6 5. Nc3 e6 6. Be3 a6 7. f3 b5 8. Qd2
Nbd7 9. g4 Nb6 10. g5 Nfd7 11. h4 Bb7 12. Rg1 Rc8 13. h5 Ne5 14. Qf2 Nbc4 15.
g6 hxg6 16. hxg6 Nxb2 17. gxf7+ Kxf7 18. f4 Qh4 19. fxe5+ Qxf2+ 20. Bxf2 Rxc3
21. Kd2 Rc8 22. exd6 Bxd6 23. Bg2 Bf4+ 24. Ke2 e5 25. Raf1 exd4 26. Bxd4 Rxc2+
27. Kf3 Bh6 28. Kg3+ Ke7 29. Bf3 Bc8 30. e5 Rf8 31. Bh5 Be6 32. Rxf8 Kxf8 33.
Rd1 Nxd1 0-1

[Event "Campeonato Ind. Provincial Absoluto Cast"]
[Site "Club d'Escacs Vila-real, CALLE"]
[Date "2011.11.12"]
[Round "5"]
[White "Mezquita Salla, Kevin"]
[Black "Perez Martinez, Alejandro"]
[Result "1-0"]
[WhiteElo "1684"]
[BlackElo "1965"]
[PlyCount "41"]
[EventDate "2011.10.01"]
[EventRounds "7"]
[EventCountry "ESP"]

1. d4 g6 2. c4 Bg7 3. Nf3 c6 4. Nc3 Nf6 5. Bf4 O-O 6. e3 d5 7. Bd3 Re8 8. O-O
Bg4 9. h3 Bxf3 10. Qxf3 dxc4 11. Bxc4 Nbd7 12. Rad1 Qb6 13. d5 Qxb2 14. dxc6
bxc6 15. e4 Nb6 16. Bb3 Nfd7 17. Rd3 Bxc3 18. Rxc3 e6 19. Bc1 Qa1 20. Ba3 Qxf1+
21. Kxf1 1-0

[Event "Campeonato Ind. Provincial Absoluto Cast"]
[Site "Club d'Escacs Vila-real, CALLE"]
[Date "2011.11.12"]
[Round "5"]
[White "Ballester Clausell, David"]
[Black "Viciano Barrachina, Aitor"]
[Result "1-0"]
[WhiteElo "1883"]
[BlackElo "1792"]
[PlyCount "79"]
[EventDate "2011.10.01"]
[EventRounds "7"]
[EventCountry "ESP"]

1. e4 Nf6 2. e5 Nd5 3. d4 d6 4. c4 Nb6 5. exd6 exd6 6. Nc3 Be7 7. Qf3 Nc6 8.
Be3 a5 9. Bd3 Nb4 10. Qe2 Nxd3+ 11. Qxd3 Be6 12. d5 Bg4 13. f3 Bh5 14. Ne4 Bg6
15. Qd4 f5 16. Qxg7 Rf8 17. Nd2 Bf6 18. Qh6 Qe7 19. Kf2 O-O-O 20. Re1 Rde8 21.
Nh3 Bxb2 22. Bxb6 Qf6 23. Rxe8+ Rxe8 24. Be3 Bd4 25. Re1 Bxe3+ 26. Rxe3 Qd4 27.
Ke2 Rg8 28. Qf4 Qa1 29. a3 Qh1 30. Kf2 Bf7 31. Qxf5+ Kb8 32. Nf4 Bg6 33. Qh3
Qc1 34. Re2 Qc3 35. Nxg6 Rxg6 36. Qxh7 Rg7 37. Qh6 Rg8 38. Qh5 Qxa3 39. Re8+
Rxe8 40. Qxe8+ 1-0

[Event "Campeonato Ind. Provincial Absoluto Cast"]
[Site "Club d'Escacs Vila-real, CALLE"]
[Date "2011.11.12"]
[Round "5"]
[White "Torres Espinosa, Raul"]
[Black "Moran Marzal, Fancisco Javier"]
[Result "1/2-1/2"]
[WhiteElo "1844"]
[BlackElo "1796"]
[PlyCount "42"]
[EventDate "2011.10.01"]
[EventRounds "7"]
[EventCountry "ESP"]

1. d4 d5 2. c4 e6 3. Nf3 Nf6 4. g3 dxc4 5. Qa4+ c6 6. Qxc4 Qd5 7. Qc2 Bb4+ 8.
Bd2 Bxd2+ 9. Nbxd2 O-O 10. Bg2 Qa5 11. O-O Nbd7 12. e4 e5 13. Nb3 Qb4 14. d5
cxd5 15. exd5 Nxd5 16. Nxe5 Nxe5 17. Bxd5 Bh3 18. Rfe1 Ng6 19. Re4 Qb6 20. Rc4
Be6 21. Bxe6 Qxe6 1/2-1/2